00760nam a2200241 a 4500001001300000003000900013005001700022008004100039020002300080082002100103100001600124245006100140260003900201300000900240500003500249505001700284650003500301700001600336902000800352942000700360952013400367999001700501nice12345678IN_TiNIC20260116014425.0050524s2002 jaia grp 000 0 eng  a817033X c45000a320.5509176bLOB aLobo, Lancy aGlobalisation, Hindu Nationalism and Christians in India aJaipur bRawat Publications c2002 a240p aincludes index and biblioraphy2 aBibliography aReligious Fundamentalism-Hindu1 aLobo, Lancy bSRS cBK 001040708StackRoom-aHMIbHMId2007-07-31g450.00l2o320.5509176 LOBp020256r2020-02-28s2020-02-20v450.00w2005-05-24yBK c15230d15230